000 00529nam a22001817a 4500
005 20251108164132.0
008 250721s1986 xx 000 0 ara d
082 1 4 _a301.155/كور
100 1 _aكورتوا، ج
245 1 0 _aلمحات في فن القيادة /
250 _aط3.
264 1 _aبيروت :
_bالمؤسسة العربية للدراسات و النشر،
_c1986.
300 _a152ص
650 1 7 _aالقيادة
700 1 _aالأيوبي، هيثم
_eترجمة
942 _2ddc
_cBK
999 _c4529
_d4529